[Event "Challenge"]
[Site "http://www.queenalice.com/game.php?id=271023"]
[Date "2007.9.13"]
[Round "-"]
[White "blackmendes"]
[Black "Narz"]
[Result "0-1"]
[WhiteElo "1663"]
[BlackElo "1969"]

1. e4 c5 2. Nf3 Nc6 3. Bc4 g6 4. c3 Bg7 5. d4 cxd4 6. cxd4 Qc7 7. Bb3 Nxd4 8.
Nxd4 Bxd4 9. Qxd4 Qxc1+ 10. Bd1 f6 11. O-O e5 0-1

[Event "Challenge"]
[Site "http://www.queenalice.com/game.php?id=271374"]
[Date "2007.9.13"]
[Round "-"]
[White "technicaldraw"]
[Black "blackmendes"]
[Result "1-0"]
[WhiteElo "1907"]
[BlackElo "1770"]

1. e4 e5 2. Nf3 Nc6 3. Bb5 a6 4. Bxc6 dxc6 5. O-O Bg4 6. h3 Bh5 7. d3 Bc5 8. g4
Bg6 9. Nxe5 Qd6 10. Bf4 Qf6 11. Qf3 Bd6 12. d4 c5 13. Nxg6 Bxf4 14. Qxf4 hxg6
15. Qxf6 Nxf6 16. e5 Nd7 17. d5 Nxe5 18. Re1 f6 19. f4 O-O-O 20. fxe5 Rxh3 21.
Kg2 Rdh8 22. e6 Rh2+ 23. Kf1 Rh1+ 24. Ke2 R1h4 25. Kf3 Rh3+ 26. Kf4 f5 27. e7
Kd7 28. e8=Q+ Rxe8 29. Rxe8 Kxe8 30. Nc3 Rh4 31. Rg1 Rxg4+ 32. Rxg4 fxg4 33. Ne4
Kd7 34. Kxg4 b6 35. Kg5 c6 36. d6 c4 37. Kxg6 a5 38. Kxg7 b5 39. Kf6 b4 40. Ke5
Kd8 41. Ke6 a4 42. Nc5 1-0

[Event "AUTO-OPEN-831"]
[Site "http://www.queenalice.com/game.php?id=272552"]
[Date "2007.9.16"]
[Round "1"]
[White "Pinone"]
[Black "blackmendes"]
[Result "1-0"]
[WhiteElo "2123"]
[BlackElo "1772"]

1. d4 d5 2. c4 dxc4 3. e4 e6 4. Bxc4 Nc6 5. Nf3 Nf6 6. Nc3 h6 7. O-O Bb4 8. e5
Nd5 9. Nxd5 exd5 10. Bb5 Bd7 11. Qb3 Qe7 12. Qxd5 Rd8 13. Qe4 a6 14. Bc4 O-O 15.
a3 Ba5 16. d5 f5 17. d6+ 1-0

[Event "AUTO-OPEN-831"]
[Site "http://www.queenalice.com/game.php?id=272553"]
[Date "2007.9.16"]
[Round "1"]
[White "blackmendes"]
[Black "Pinone"]
[Result "0-1"]
[WhiteElo "1733"]
[BlackElo "2171"]

1. e4 e6 2. d4 d5 3. e5 c5 4. c3 Nc6 5. Bb5 Qb6 6. Bxc6+ bxc6 7. Qb3 Qxb3 8.
axb3 cxd4 9. cxd4 c5 10. Be3 cxd4 11. Bxd4 Ne7 12. Rxa7 Rxa7 13. Bxa7 Nc6 14.
Be3 Nxe5 15. Ke2 Ba6+ 16. Kd2 Bf1 0-1

[Event "AUTO-OPEN-831"]
[Site "http://www.queenalice.com/game.php?id=272576"]
[Date "2007.9.16"]
[Round "1"]
[White "LeoDZeppelin"]
[Black "blackmendes"]
[Result "1-0"]
[WhiteElo "1786"]
[BlackElo "1597"]

1. e4 e5 2. Bc4 Nf6 3. d3 h6 4. Nc3 Bc5 5. Nf3 d6 6. h3 Nc6 7. Nd5 Nxd5 8. Bxd5
Nd4 9. Nxd4 Bxd4 10. Qf3 O-O 11. Qg3 Qf6 12. c3 Bb6 13. Bxh6 Qxh6 14. h4 Be6 15.
Bxe6 fxe6 16. f3 Qe3+ 17. Kd1 Qxd3+ 18. Ke1 Qe3+ 19. Kd1 1-0

[Event "AUTO-OPEN-831"]
[Site "http://www.queenalice.com/game.php?id=272577"]
[Date "2007.9.16"]
[Round "1"]
[White "blackmendes"]
[Black "LeoDZeppelin"]
[Result "0-1"]
[WhiteElo "1589"]
[BlackElo "1794"]

1. e4 e5 2. Nf3 Bc5 3. Bc4 d6 4. h3 Nc6 5. d3 Qf6 6. Bg5 Qg6 7. Rh2 b6 8. Bd5
Bb7 9. c3 b5 10. b4 Bb6 11. Qb3 f6 12. Bh4 Nge7 13. Bg3 O-O-O 14. a4 Nxd5 15.
Qxd5 Rhe8 16. Qxb5 Nb8 17. Qc4 d5 18. Qb3 dxe4 0-1

[Event "AUTO-ADV-651"]
[Site "http://www.queenalice.com/game.php?id=272616"]
[Date "2007.9.16"]
[Round "1"]
[White "blackmendes"]
[Black "pedone"]
[Result "0-1"]
[WhiteElo "1581"]
[BlackElo "1821"]

1. e4 c6 2. d4 d5 3. e5 Bf5 4. Bd3 Bxd3 5. Qxd3 e6 6. Nf3 Be7 7. Be3 Qa5+ 8. Nc3
c5 9. dxc5 Nd7 10. O-O Bxc5 11. a3 Qc7 12. Rfe1 Ne7 13. Bd4 Nf5 14. Nb5 Qb6 15.
Bxc5 Nxc5 16. Qe2 a6 17. b4 Na4 18. Nd6+ Nxd6 19. exd6 Qxd6 20. Qd3 b5 21. Ng5
h6 22. Nxe6 fxe6 23. Qg6+ Kd7 24. Qxg7+ Qe7 25. Qe5 Rhf8 26. Rad1 Qd6 27. Qg7+
Kc6 28. Qxh6 Rae8 29. Rd3 Rh8 0-1

[Event "AUTO-ADV-651"]
[Site "http://www.queenalice.com/game.php?id=272617"]
[Date "2007.9.16"]
[Round "1"]
[White "pedone"]
[Black "blackmendes"]
[Result "1-0"]
[WhiteElo "1827"]
[BlackElo "1575"]

1. e4 e5 2. Nf3 Nc6 3. Bc4 Bc5 4. c3 Nf6 5. d3 a6 6. Qa4 d6 7. Nbd2 Bd7 8. Qc2
b5 9. Bb3 Na5 10. O-O Nxb3 11. Nxb3 b4 12. Nxc5 dxc5 13. Nxe5 Qe7 14. Nxd7 Nxd7
15. cxb4 O-O 16. bxc5 Qxc5 17. Qc3 Rab8 18. Qd2 Ne5 19. d4 Nf3+ 20. gxf3 Qh5 21.
Qf4 Rb6 22. Re1 Rg6+ 23. Kf1 Qb5+ 24. Re2 Rc8 25. e5 Qd3 26. Qe4 1-0

[Event "AUTO-ADV-654"]
[Site "http://www.queenalice.com/game.php?id=274044"]
[Date "2007.9.19"]
[Round "1"]
[White "Artking"]
[Black "blackmendes"]
[Result "1-0"]
[WhiteElo "1837"]
[BlackElo "1634"]

1. e4 e5 2. Nf3 Nc6 3. Bb5 a6 4. Ba4 Bc5 5. c3 b5 6. Bb3 Nf6 7. Qe2 Bb7 8. d3 h6
9. O-O O-O 10. Nxe5 Nxe5 11. d4 Bxd4 12. cxd4 Nc4 13. Nc3 d5 14. Bxc4 1-0

[Event "AUTO-ADV-654"]
[Site "http://www.queenalice.com/game.php?id=274045"]
[Date "2007.9.19"]
[Round "1"]
[White "blackmendes"]
[Black "Artking"]
[Result "0-1"]
[WhiteElo "1643"]
[BlackElo "1828"]

1. e4 c5 2. Nc3 a6 3. Bc4 Nc6 4. Nf3 d6 5. h3 Nf6 6. d4 cxd4 7. Nxd4 g6 8. Be3
Bg7 9. O-O Bd7 10. Qe2 Rc8 11. Nd5 Ne5 12. Nxf6+ Bxf6 13. Bd5 b5 14. c3 Nc4 0-1

[Event "AUTO-ADV-654"]
[Site "http://www.queenalice.com/game.php?id=274051"]
[Date "2007.9.19"]
[Round "1"]
[White "blackmendes"]
[Black "Nilcimar"]
[Result "0-1"]
[WhiteElo "1659"]
[BlackElo "1670"]

1. e4 c5 2. Nc3 Nc6 3. Bc4 e6 4. Nf3 a6 5. O-O Bd6 6. a3 Qc7 7. g3 b5 8. Ba2 Bb7
9. d3 Nf6 10. Bg5 Nh5 11. Bh4 h6 0-1

[Event "Challenge"]
[Site "http://www.queenalice.com/game.php?id=282192"]
[Date "2007.10.6"]
[Round "-"]
[White "blackmendes"]
[Black "anderson_amorim89"]
[Result "0-1"]
[WhiteElo "1599"]
[BlackElo "1944"]

1. e4 c5 2. Nc3 e6 3. Nf3 Nc6 4. Bc4 Nge7 5. d3 a6 6. a3 d5 7. Ba2 d4 8. Ne2 Ng6
9. O-O Bd6 10. Bg5 f6 11. Bd2 Qc7 12. Ng3 O-O 13. Qc1 Kh8 14. Re1 b6 15. c3 e5
16. Rf1 Bg4 0-1

[Event "Challenge"]
[Site "http://www.queenalice.com/game.php?id=282194"]
[Date "2007.10.6"]
[Round "-"]
[White "blackmendes"]
[Black "juim"]
[Result "0-1"]
[WhiteElo "1617"]
[BlackElo "1575"]

1. e4 e5 2. Nf3 d6 3. Bc4 h6 4. Nc3 Be7 5. d4 exd4 6. Qxd4 Bf6 7. e5 dxe5 8.
Qxd8+ Kxd8 9. Be3 Bd7 10. O-O-O Nc6 11. Bxf7 Nge7 0-1